[Event "Catania op"]
[Site "Catania"]
[Date "1991.??.??"]
[Round "?"]
[White "Kennaugh, Charles"]
[Black "Kislov, Mikhail"]
[Result "1-0"]
[WhiteElo "2325"]
[BlackElo "2430"]
[PlyCount "81"]
[EventDate "1991.??.??"]
[EventType "swiss"]
[EventRounds "9"]
[EventCountry "ITA"]
[Source "Fruth,M"]
[SourceDate "2003.05.15"]

1. e4 e5 2. f4 d5 3. exd5 exf4 4. Nf3 Nf6 5. Bb5+ c6 6. dxc6 Nxc6 7. Ne5 Qb6 8.
Qe2 Be6 9. c3 O-O-O 10. Bxc6 bxc6 11. d4 c5 12. Bxf4 cxd4 13. cxd4 Rxd4 14. Be3
Bc5 15. Nc3 Re8 16. Bxd4 Bxd4 17. O-O-O Be3+ 18. Kb1 Bf5+ 19. Nd3 Bg4 20. Qc2
Bxd1 21. Nxd1+ Kb8 22. Nxe3 Qxe3 23. Qb3+ Qb6 24. Qxf7 Qb5 25. Rd1 Nd5 26. Qxg7
Ne3 27. Qg3+ Ka8 28. Qf3+ Kb8 29. Qg3+ Ka8 30. Qf3+ Kb8 31. Rd2 Nc4 32. Qg3+
Ka8 33. Qf3+ Kb8 34. Re2 Rd8 35. Qf4+ Ka8 36. Qe4+ Kb8 37. Qf4+ Ka8 38. Nc1 Rc8
39. Qf3+ Rc6 40. Nb3 Kb8 41. Nd4 1-0

[Event "Chiasso op"]
[Site "Chiasso"]
[Date "1991.??.??"]
[Round "?"]
[White "Gallagher, Joseph G"]
[Black "Almada, Enrique"]
[Result "1-0"]
[WhiteElo "2520"]
[BlackElo "2330"]
[PlyCount "73"]
[EventDate "1991.??.??"]
[EventType "swiss"]
[EventRounds "11"]
[EventCountry "SUI"]
[Source "Fruth,M"]
[SourceDate "2003.05.15"]

1. e4 e5 2. f4 d5 3. exd5 c6 4. Nc3 exf4 5. Nf3 Bd6 6. d4 Ne7 7. Bc4 O-O 8. O-O
cxd5 9. Bxd5 Nbc6 10. Bb3 Bg4 11. Ne4 Bc7 12. c3 Ng6 13. h3 Bf5 14. Nfg5 Bxe4
15. Nxe4 Re8 16. Qf3 Nh4 17. Qd3 Ne5 18. Qb5 a6 19. Qd5 Qxd5 20. Bxd5 Nd3 21.
Rd1 Nxc1 22. Raxc1 Re7 23. Re1 Rae8 24. Kf2 Kf8 25. Nc5 f3 26. Rxe7 Rxe7 27.
Bxf3 Nf5 28. g4 Bf4 29. Rd1 Be3+ 30. Kf1 b6 31. Nxa6 Nh4 32. Bh1 Re6 33. Nb4 f5
34. Nd5 f4 35. Re1 Ng6 36. a4 Kf7 37. Nxe3 1-0

[Event "SWE-ch"]
[Site "SWE"]
[Date "1991.??.??"]
[Round "1"]
[White "Svensson, Bengt"]
[Black "Barkhagen, Jonas"]
[Result "1/2-1/2"]
[WhiteElo "2400"]
[BlackElo "2340"]
[PlyCount "53"]
[EventDate "1991.??.??"]
[EventType "tourn"]
[EventRounds "15"]
[EventCountry "SWE"]
[EventCategory "4"]
[Source "Fruth,M"]
[SourceDate "2003.05.15"]

1. e4 e5 2. f4 d5 3. exd5 c6 4. Nc3 exf4 5. Nf3 Bd6 6. d4 Ne7 7. Bc4 cxd5 8.
Bxd5 O-O 9. O-O Nbc6 10. Bb3 Bg4 11. Ne4 Bc7 12. c3 Ng6 13. h3 Bf5 14. Nfg5 h6
15. Qh5 hxg5 16. Nxg5 Nh8 17. Nxf7 Nxf7 18. Qxf5 Qf6 19. Qxf6 gxf6 20. Bxf4
Bxf4 21. Rxf4 Kg7 22. Rg4+ Kh6 23. Rf1 Nd6 24. Rh4+ Kg5 25. Rg4+ Kh6 26. Rh4+
Kg5 27. Rg4+ 1/2-1/2

[Event "Barcelona UGA IT"]
[Site "Barcelona"]
[Date "1992.??.??"]
[Round "8"]
[White "Sanchez Almeyra, Jorge"]
[Black "Estremera Panos, Sergio"]
[Result "1/2-1/2"]
[WhiteElo "2425"]
[BlackElo "2330"]
[PlyCount "100"]
[EventDate "1992.??.??"]
[EventType "tourn"]
[EventRounds "9"]
[EventCountry "ESP"]
[EventCategory "6"]
[Source "Fruth,M"]
[SourceDate "2003.05.15"]

1. e4 e5 2. f4 d5 3. exd5 c6 4. Nc3 exf4 5. Nf3 Bd6 6. Bc4 Ne7 7. dxc6 Nbxc6 8.
d4 O-O 9. O-O Bg4 10. Ne4 Bxf3 11. gxf3 Nf5 12. c3 Nce7 13. Kh1 Rc8 14. Nxd6
Qxd6 15. Bd3 Ne3 16. Bxe3 fxe3 17. f4 b5 18. a3 Nd5 19. Qf3 a6 20. Rae1 f5 21.
Bb1 Rc4 22. Ba2 Re8 23. a4 Re4 24. axb5 axb5 25. Bxc4 bxc4 26. Qe2 Qc6 27. Qg2
Qe6 28. Ra1 e2 29. Ra8+ Kf7 30. Ra7+ Ne7 31. Re1 h6 32. Qf3 Kg8 33. Ra5 Nc6 34.
Re5 Nxe5 35. fxe5 Qd5 36. Rxe2 Rxd4 37. Qxd5+ Rxd5 38. e6 Kf8 39. e7+ Ke8 40.
Kg1 Rb5 41. Kf2 Rb7 42. Kf3 g5 43. Re5 Rxb2 44. h4 Rc2 45. hxg5 hxg5 46. Rxf5
Rxc3+ 47. Kg4 Rc1 48. Kxg5 c3 49. Kf6 c2 50. Rf2 Ra1 1/2-1/2

[Event "Biel op"]
[Site "Biel"]
[Date "1992.??.??"]
[Round "6"]
[White "Gallagher, Joseph G"]
[Black "Sorin, Ariel"]
[Result "1-0"]
[WhiteElo "2510"]
[BlackElo "2405"]
[PlyCount "121"]
[EventDate "1992.??.??"]
[EventType "swiss"]
[EventRounds "11"]
[EventCountry "SUI"]
[Source "Fruth,M"]
[SourceDate "2003.05.15"]

1. e4 e5 2. f4 d5 3. exd5 c6 4. Nc3 exf4 5. Nf3 Bd6 6. d4 Ne7 7. Bc4 cxd5 8.
Bxd5 O-O 9. O-O Nbc6 10. Bb3 Bg4 11. Ne4 Bc7 12. c3 Ng6 13. h3 Bf5 14. Nfg5 h6
15. Qh5 Nxd4 16. Bxf7+ Rxf7 17. Nxf7 Kxf7 18. Ng3 Bd3 19. Bxf4 Kg8 20. Bxc7
Qxc7 21. cxd4 Bxf1 22. Qxg6 Bb5 23. Nf5 Kh8 24. Nd6 Qd7 25. Nf7+ Kg8 26. Nxh6+
Kh8 27. Nf7+ Kg8 28. Nh6+ Kh8 29. Nf7+ Kg8 30. Ng5 Qxd4+ 31. Kh1 Bd3 32. Qf7+
Kh8 33. Qh5+ Kg8 34. Qf7+ Kh8 35. Re1 Qd8 36. Qh5+ Kg8 37. Qf7+ Kh8 38. Re7 Qf8
39. Rxb7 Qxf7 40. Nxf7+ Kh7 41. b4 a6 42. Rb6 g6 43. Ne5 Bf5 44. Rb7+ Kg8 45.
Ng4 Bb1 46. a4 Rc8 47. a5 Rc1+ 48. Kh2 Bd3 49. Kg3 Rc2 50. Ne3 Re2 51. Kf3 Rb2
52. Rb6 Kg7 53. Kf4 Kh6 54. g4 Bb5 55. Nf5+ Kh7 56. Nd6 Kh6 57. Nf5+ Kh7 58.
Rb7+ Kh8 59. Nd6 Bf1 60. Kg5 Rd2 61. Kh6 1-0

[Event "Hamburg op"]
[Site "Hamburg"]
[Date "1992.??.??"]
[Round "9"]
[White "Westerinen, Heikki MJ"]
[Black "Korneev, Oleg"]
[Result "0-1"]
[WhiteElo "2390"]
[BlackElo "2475"]
[PlyCount "118"]
[EventDate "1992.??.??"]
[EventType "swiss"]
[EventRounds "9"]
[EventCountry "GER"]
[Source "Fruth,M"]
[SourceDate "2003.05.15"]

1. e4 e5 2. f4 d5 3. exd5 exf4 4. Bc4 Nf6 5. Nc3 Nbd7 6. d3 Nb6 7. Bxf4 Nbxd5
8. Nxd5 Nxd5 9. Qf3 Bb4+ 10. c3 Qe7+ 11. Kd2 Nxf4 12. Qxf4 Bd6 13. Qe3 Qxe3+
14. Kxe3 Bd7 15. Nf3 f6 16. Rhe1 O-O-O 17. Kf2 Bc6 18. b4 Rde8 19. Bf7 Rxe1 20.
Rxe1 Rf8 21. Be6+ Bd7 22. g3 Bxe6 23. Rxe6 Kd7 24. Re4 c6 25. Nd2 f5 26. Re1
Re8 27. Rxe8 Kxe8 28. Nc4 Bc7 29. Ne3 g6 30. h3 Kf7 31. g4 fxg4 32. Nxg4 Bf4
33. Ke2 Bg3 34. Ne3 Kf6 35. Nc4 Bc7 36. Nd2 Kf5 37. Kf3 h5 38. Nc4 Kg5 39. Nd2
Kf5 40. Nc4 Kg5 41. Nd2 Bf4 42. Nb3 Be5 43. c4 b6 44. Nd2 Kf5 45. b5 c5 46. a4
g5 47. Ne4 g4+ 48. hxg4+ hxg4+ 49. Ke2 Kf4 50. Nd2 Bd4 51. Ne4 g3 52. Kf1 Kf3
53. Ng5+ Ke3 54. Kg2 Kxd3 55. Kxg3 Kxc4 56. Kf3 Kb4 57. Nf7 Kxa4 58. Nd6 Be5
59. Nc8 Bb8 0-1

[Event "NOR-INA match"]
[Site "NOR"]
[Date "1992.??.??"]
[Round "1"]
[White "Handoko, Edhi"]
[Black "Djurhuus, Rune"]
[Result "0-1"]
[WhiteElo "2410"]
[BlackElo "2405"]
[PlyCount "88"]
[EventDate "1992.??.??"]
[EventType "team"]
[EventRounds "3"]
[EventCountry "NOR"]
[Source "Fruth,M"]
[SourceDate "2003.05.15"]

1. e4 e5 2. f4 d5 3. exd5 exf4 4. Nf3 Bd6 5. d4 c6 6. dxc6 Nxc6 7. Bd3 Bg4 8.
c3 Nge7 9. O-O Qd7 10. Nbd2 O-O 11. Ne4 Bc7 12. Nc5 Qc8 13. Qc2 h6 14. h3 Bf5
15. b4 Bxd3 16. Qxd3 b6 17. Ne4 Nd5 18. b5 Na5 19. c4 Ne3 20. Bxe3 fxe3 21.
Rac1 Re8 22. Nc3 Qe6 23. Ne2 Rac8 24. Rc2 Bd6 25. Rfc1 Qe7 26. Nc3 Bg3 27. Nd5
Qe6 28. Qe2 Rcd8 29. Nb4 Qe4 30. Rc3 Nb7 31. Nc6 Bf2+ 32. Kh1 Nd6 33. Qc2 Qf4
34. Ng1 Bxg1 35. Kxg1 Ne4 36. Rf1 e2 37. Qxe2 Nxc3 38. Qd3 Rxd4 39. Qxc3 Rxc4
40. Rxf4 Rxc3 41. a4 a5 42. Rd4 Rc2 43. Rg4 h5 44. Rg5 g6 0-1

[Event "ROM-ch"]
[Site "ROM"]
[Date "1992.??.??"]
[Round "2"]
[White "Istratescu, Andrei"]
[Black "Ionescu, Constantin"]
[Result "1/2-1/2"]
[WhiteElo "2450"]
[BlackElo "2480"]
[PlyCount "23"]
[EventDate "1992.??.??"]
[EventRounds "13"]
[EventCountry "ROM"]
[EventCategory "6"]
[Source "Fruth,M"]
[SourceDate "2003.05.15"]

1. e4 e5 2. f4 d5 3. exd5 e4 4. d3 Nf6 5. Qe2 Qxd5 6. Nc3 Bb4 7. Bd2 Bxc3 8.
Bxc3 Bg4 9. dxe4 Bxe2 10. exd5 Bxf1 11. Kxf1 Nxd5 12. Re1+ 1/2-1/2

[Event "Manila olm"]
[Site "Manila"]
[Date "1992.??.??"]
[Round "?"]
[White "Westerinen, Heikki MJ"]
[Black "Marin, Mihail"]
[Result "1-0"]
[WhiteElo "2430"]
[BlackElo "2525"]
[PlyCount "84"]
[EventDate "1992.06.??"]
[EventType "team"]
[EventRounds "14"]
[EventCountry "PHI"]
[Source "Fruth,M"]
[SourceDate "2003.05.15"]

1. e4 e5 2. f4 d5 3. exd5 c6 4. Nc3 exf4 5. Nf3 Bd6 6. d4 Ne7 7. dxc6 Nbxc6 8.
Ne4 Bc7 9. c3 O-O 10. Bd3 Ng6 11. O-O Bg4 12. h3 Bh5 13. Qb3 Bb6 14. Kh1 Nce7
15. Qb5 Nd5 16. Bc4 Nge7 17. Ne5 a6 18. Qb3 g6 19. Nd3 g5 20. Ndc5 Bxc5 21.
dxc5 Qd7 22. Nd6 Qc6 23. Qxb7 Qxb7 24. Nxb7 Kh8 25. Nd6 Nc7 26. b4 Nc6 27. Bb2
Ne5 28. Rfe1 Rad8 29. Be2 Bxe2 30. Rxe2 Nd5 31. a4 Ne3 32. b5 N5c4 33. Bc1 axb5
34. Bxe3 fxe3 35. axb5 Nxd6 36. cxd6 Rxd6 37. Rxe3 Rd2 38. Rb1 f5 39. b6 f4 40.
Re5 f3 41. gxf3 Rc2 42. b7 Rb8 1-0

[Event "Passau op"]
[Site "Passau"]
[Date "1993.??.??"]
[Round "?"]
[White "Gallagher, Joseph G"]
[Black "Meyers, Viesturs"]
[Result "0-1"]
[WhiteElo "2500"]
[BlackElo "2415"]
[PlyCount "80"]
[EventDate "1993.04.??"]
[EventType "swiss"]
[EventRounds "7"]
[EventCountry "GER"]
[Source "Fruth,M"]
[SourceDate "2003.05.15"]

1. e4 e5 2. f4 d5 3. exd5 e4 4. d3 Nf6 5. dxe4 Nxe4 6. Nf3 Be7 7. Be3 O-O 8.
Nc3 Nxc3 9. bxc3 Bf6 10. Qd2 Nd7 11. Bc4 Nb6 12. Bb3 Bd7 13. O-O Bb5 14. Rfd1
Re8 15. Ne5 Bxe5 16. fxe5 Rxe5 17. Qf2 Qd7 18. Bd4 Re4 19. Re1 Rae8 20. Rxe4
Rxe4 21. Qg3 Rg4 22. Qf3 h6 23. Re1 Bc4 24. h3 Rg5 25. Bxb6 Bxb3 26. cxb3 axb6
27. c4 b5 28. Qe4 Qxh3 29. Qe8+ Kh7 30. Qe4+ f5 31. Qc2 bxc4 32. bxc4 Qh4 33.
Qc3 Qg4 34. Qc2 Qd4+ 35. Kf1 Rh5 36. Ke2 Qg4+ 37. Kd3 Rh4 38. Rc1 Qd4+ 39. Ke2
Re4+ 40. Kf1 Rf4+ 0-1

[Event "Loosdorf op"]
[Site "Loosdorf"]
[Date "1993.??.??"]
[Round "3"]
[White "Gallagher, Joseph G"]
[Black "Sinkovics, Peter"]
[Result "1/2-1/2"]
[WhiteElo "2515"]
[BlackElo "2325"]
[PlyCount "80"]
[EventDate "1993.07.??"]
[EventType "swiss"]
[EventRounds "9"]
[EventCountry "AUT"]
[Source "Fruth,M"]
[SourceDate "2003.05.15"]

1. e4 e5 2. f4 d5 3. exd5 c6 4. Nc3 cxd5 5. fxe5 d4 6. Ne4 Qd5 7. Bd3 Nc6 8.
Nf3 Nxe5 9. Nxe5 Qxe5 10. O-O Be6 11. Qe2 Ne7 12. Bb5+ Nc6 13. Bxc6+ bxc6 14.
d3 Be7 15. Bf4 Qd5 16. Qf2 O-O 17. Qg3 f5 18. Nd2 Bf6 19. Rfe1 Qd7 20. Nb3 Bd5
21. Nc5 Qf7 22. a3 Rae8 23. b3 Rxe1+ 24. Rxe1 Re8 25. Na6 Rxe1+ 26. Qxe1 g5 27.
Bd2 f4 28. Nb4 Kg7 29. Nxd5 cxd5 30. Qe2 Qc7 31. Bb4 h5 32. Qe8 Qf7 33. Qxf7+
Kxf7 34. Bc5 a6 35. b4 Ke6 36. a4 Kd7 37. b5 axb5 38. axb5 g4 39. Kf2 Be5 40.
h3 Kc7 1/2-1/2

[Event "AUT-ch TT 2O 199495"]
[Site "AUT"]
[Date "1995.??.??"]
[Round "?"]
[White "Sandor, Christian"]
[Black "Eisterer, Heinrich"]
[Result "0-1"]
[WhiteElo "2420"]
[BlackElo "2360"]
[PlyCount "80"]
[EventDate "1994.??.??"]
[EventType "team"]
[EventRounds "11"]
[EventCountry "AUT"]
[Source "Fruth,M"]
[SourceDate "2003.05.15"]

1. e4 e5 2. f4 d5 3. exd5 c6 4. Nc3 exf4 5. Nf3 Bd6 6. d4 Ne7 7. Bc4 cxd5 8.
Bxd5 O-O 9. O-O Nd7 10. Bb3 Ng6 11. Ne4 Bc7 12. Nfg5 Nf6 13. c3 Nxe4 14. Nxe4
Bf5 15. Nf2 Qg5 16. Bd5 Rab8 17. Ne4 Qd8 18. Qb3 Ne7 19. Bxf7+ Rxf7 20. Ng5 Bg6
21. Bxf4 Bxf4 22. Rxf4 Nd5 23. Nxf7 Bxf7 24. Rxf7 Kxf7 25. Rf1+ Kg6 26. Qc2+
Kh6 27. c4 Nf6 28. d5 Qe7 29. Qd2+ Kg6 30. Qd3+ Kf7 31. Qxh7 Qc5+ 32. Kh1 Qxc4
33. Qf5 Re8 34. h3 Qe4 35. Qd7+ Re7 36. Qd8 Re8 37. Qd7+ Re7 38. Qd8 Qe2 39.
Rf3 Re8 40. Qd6 Qe1+ 0-1

[Event "Budapest FS08 IM"]
[Site "Budapest"]
[Date "1994.??.??"]
[Round "2"]
[White "Sandor, Christian"]
[Black "Petran, Pal"]
[Result "0-1"]
[WhiteElo "2365"]
[BlackElo "2480"]
[PlyCount "78"]
[EventDate "1994.??.??"]
[EventType "tourn"]
[EventRounds "13"]
[EventCountry "HUN"]
[EventCategory "4"]
[Source "Fruth,M"]
[SourceDate "2003.05.15"]

1. e4 e5 2. f4 d5 3. exd5 Bc5 4. Nc3 exf4 5. Nf3 Nf6 6. d4 Bb4 7. Qe2+ Qe7 8.
Qxe7+ Kxe7 9. Bxf4 Nxd5 10. Bd2 Nxc3 11. bxc3 Ba5 12. Bc4 f6 13. O-O c6 14. Ng5
b5 15. Rae1+ Kd7 16. Bd3 fxg5 17. Rf7+ Kd6 18. Bxg5 Bxc3 19. Bf4+ Kd5 20. Re5+
Kxd4 21. Rfe7 Ba5 22. Bc1 Kc3 23. Re3 Bb6 24. Bf5+ Kc4 25. Bd3+ Kd5 26. Be4+
Kd6 27. Ba3+ Bc5 28. Bxc5+ Kxc5 29. Rxg7 Be6 30. a3 Bc4 31. Bxh7 Na6 32. h4
Rad8 33. Rxa7 Kb6 34. Rg7 Nc7 35. h5 Ne6 36. Re7 Nf4 37. R3e5 Rd2 38. Rg5 Rf8
39. Be4 Nh3+ 0-1

[Event "Foment op"]
[Site "Foment"]
[Date "1994.??.??"]
[Round "?"]
[White "Narciso Dublan, Marc"]
[Black "Campos Moreno, Javier B"]
[Result "1/2-1/2"]
[WhiteElo "2360"]
[BlackElo "2445"]
[PlyCount "58"]
[EventDate "1994.??.??"]
[EventType "swiss"]
[EventRounds "9"]
[EventCountry "ESP"]
[Source "Fruth,M"]
[SourceDate "2003.05.15"]

1. e4 e5 2. f4 d5 3. exd5 c6 4. Qe2 cxd5 5. fxe5 Nc6 6. c3 Qc7 7. Nf3 Bg4 8.
Qf2 O-O-O 9. d4 f6 10. Bf4 Bxf3 11. gxf3 fxe5 12. dxe5 Re8 13. Nd2 Nxe5 14.
O-O-O Bc5 15. Qh4 Nf6 16. Nb3 Bd6 17. Bg5 Ng6 18. Qf2 Bf4+ 19. Bxf4 Qxf4+ 20.
Kb1 Kb8 21. Rg1 Re3 22. Nd4 Rhe8 23. Qc2 Re1 24. Bd3 Rxd1+ 25. Rxd1 Ne5 26. Bb5
Re7 27. Re1 Ng6 28. Rxe7 Nxe7 29. Bd3 Nc6 1/2-1/2

[Event "Praha Mladi IT"]
[Site "Praha"]
[Date "1994.??.??"]
[Round "1"]
[White "Hausner, Ivan"]
[Black "Pribyl, Martin"]
[Result "1-0"]
[WhiteElo "2470"]
[BlackElo "2360"]
[PlyCount "64"]
[EventDate "1994.??.??"]
[EventType "tourn"]
[EventRounds "9"]
[EventCountry "CZE"]
[EventCategory "4"]
[Source "Fruth,M"]
[SourceDate "2003.05.15"]

1. e4 e5 2. f4 d5 3. exd5 c6 4. Nf3 exf4 5. d4 Bd6 6. dxc6 bxc6 7. Bc4 Ne7 8.
O-O O-O 9. Ng5 Nd5 10. Qh5 h6 11. Ne4 Bc7 12. Nbc3 Be6 13. Nc5 Nd7 14. Nxe6
fxe6 15. Ne4 Rf5 16. Qf3 Qh4 17. c3 g5 18. h3 h5 19. Be2 N7f6 20. Nxf6+ Nxf6
21. Qxc6 Re8 22. Qxc7 Nd5 23. Qc6 Re7 24. Bf3 Kg7 25. Bd2 g4 26. Bxd5 exd5 27.
Bxf4 Re2 28. Qh6+ Kf7 29. Qh7+ Ke6 30. Qxf5+ Kxf5 31. Bg3+ Kg5 32. Bxh4+ Kxh4
1-0

[Event "Werfen op"]
[Site "Werfen"]
[Date "1994.??.??"]
[Round "?"]
[White "Hresc, Vladimir"]
[Black "Pinkas, Karol"]
[Result "1/2-1/2"]
[WhiteElo "2420"]
[BlackElo "2335"]
[PlyCount "73"]
[EventDate "1994.??.??"]
[EventType "swiss"]
[EventRounds "9"]
[EventCountry "AUT"]
[Source "Fruth,M"]
[SourceDate "2003.05.15"]

1. e4 e5 2. f4 d5 3. exd5 exf4 4. Nf3 Nf6 5. Bc4 Nxd5 6. Bxd5 Qxd5 7. Nc3 Qf5
8. O-O Be7 9. d4 O-O 10. Ne5 Nd7 11. Bxf4 Nxe5 12. Bxe5 Qd7 13. Qf3 c6 14. d5
f6 15. Bg3 cxd5 16. Nxd5 Bd8 17. Rad1 Qf7 18. Rfe1 Be6 19. c4 Re8 20. Bf2 Ba5
21. Re3 Rac8 22. b3 a6 23. Nf4 Rc6 24. Nxe6 Rcxe6 25. Rxe6 Rxe6 26. Rd5 Bc7 27.
Qd3 Qe8 28. g3 Re7 29. Kg2 Qc6 30. Qf3 Re5 31. Rxe5 Bxe5 32. Qxc6 bxc6 33. Kf3
Kf7 34. Ke4 h5 35. Bd4 Bd6 36. Be3 Ke6 37. Kf3 1/2-1/2

[Event "Budapest FS04 IM B IT"]
[Site "Budapest"]
[Date "1994.??.??"]
[Round "10"]
[White "Jonkman, Harmen"]
[Black "Pavasovic, Dusko"]
[Result "1-0"]
[WhiteElo "2340"]
[BlackElo "2320"]
[PlyCount "65"]
[EventDate "1994.04.??"]
[EventType "tourn"]
[EventRounds "13"]
[EventCountry "HUN"]
[EventCategory "3"]
[Source "Fruth,M"]
[SourceDate "2003.05.15"]

1. e4 e5 2. f4 d5 3. exd5 c6 4. Nc3 exf4 5. Nf3 Bd6 6. d4 Ne7 7. dxc6 Nbxc6 8.
Bc4 O-O 9. O-O Bg4 10. Ne4 Nf5 11. c3 Nh4 12. Kh1 Qd7 13. Bd3 Kh8 14. Nxd6 Bxf3
15. Rxf3 Nxf3 16. Qxf3 Qxd6 17. Bxf4 Qd7 18. d5 Ne7 19. c4 Ng6 20. Bg3 Rae8 21.
Bf5 Qd8 22. Qh5 Qf6 23. d6 Qxb2 24. Rd1 Re2 25. d7 Rd2 26. h3 Qd4 27. Rxd2 Qxd2
28. c5 Rd8 29. Bd6 Qe1+ 30. Kh2 Qf2 31. Bc7 Rf8 32. Bxg6 fxg6 33. Qd5 1-0

[Event "AUT-ch TT 2S 199596"]
[Site "AUT"]
[Date "1996.??.??"]
[Round "?"]
[White "Hresc, Vladimir"]
[Black "Mikac, Matjaz"]
[Result "0-1"]
[WhiteElo "2445"]
[BlackElo "2415"]
[PlyCount "64"]
[EventDate "1995.??.??"]
[EventType "swiss"]
[EventRounds "11"]
[EventCountry "AUT"]
[Source "Fruth,M"]
[SourceDate "2003.05.15"]

1. e4 e5 2. f4 d5 3. exd5 c6 4. Nc3 exf4 5. Nf3 Bd6 6. d4 Ne7 7. dxc6 Nbxc6 8.
d5 Nb4 9. Bc4 Bf5 10. Bb3 O-O 11. O-O a5 12. Nd4 Bc5 13. Rxf4 Bg6 14. Kh1 Nexd5
15. Nxd5 Nxd5 16. Rf1 a4 17. Bxd5 Qxd5 18. c3 Rfe8 19. Bf4 Re4 20. Nb5 Qxd1 21.
Raxd1 Re2 22. Rd2 Rxd2 23. Bxd2 Bd3 24. Nc7 Rc8 25. Rf3 Be2 26. Nd5 Bxf3 27.
gxf3 Re8 28. c4 Bd4 29. Bc3 Bxc3 30. Nxc3 a3 31. bxa3 Rc8 32. Nb5 Rxc4 0-1

[Event "Gausdal Masters IT"]
[Site "Gausdal"]
[Date "1995.??.??"]
[Round "?"]
[White "Westerinen, Heikki MJ"]
[Black "Gretarsson, Helgi Ass"]
[Result "1/2-1/2"]
[WhiteElo "2405"]
[BlackElo "2450"]
[PlyCount "226"]
[EventDate "1995.??.??"]
[EventType "tourn"]
[EventRounds "9"]
[EventCountry "NOR"]
[EventCategory "7"]
[Source "Fruth,M"]
[SourceDate "2003.05.15"]

1. e4 e5 2. f4 d5 3. exd5 c6 4. Qe2 cxd5 5. fxe5 Nc6 6. Nf3 Bg4 7. c3 Qc7 8.
Na3 Bxa3 9. bxa3 Nge7 10. Rb1 O-O 11. d4 f6 12. e6 Rae8 13. Qb5 Nd8 14. Bd2 Nc8
15. Bd3 Nd6 16. Qb3 Rxe6+ 17. Kf2 Ne4+ 18. Bxe4 dxe4 19. d5 exf3 20. dxe6 Bxe6
21. Qb5 fxg2 22. Rhg1 Bxa2 23. Rb4 a6 24. Qh5 Bf7 25. Qf3 Qc5+ 26. Be3 Qxc3 27.
Rxg2 Ne6 28. Rxb7 Ng5 29. Qf5 g6 30. Qd7 Ne4+ 31. Kf3 Nc5 32. Qc6 Na4 33. Qxa4
Bd5+ 34. Kf2 Bxb7 35. Rg4 Qe5 36. Rf4 Re8 37. Qb3+ Bd5 38. Qd3 g5 39. Rf5 Qxh2+
40. Ke1 Qh4+ 41. Kd2 Bc4 42. Qd4 Qxd4+ 43. Bxd4 h6 44. Rc5 Bb5 45. Bxf6 Kf7 46.
Bxg5 hxg5 47. Rxg5 Rc8 48. Rg4 Ke6 49. a4 Be8 50. Kd3 Rc1 51. Re4+ Kf7 52. Rf4+
Kg7 53. Rc4 Ra1 54. Kc3 Rc1+ 55. Kb4 a5+ 56. Kc5 Rb1 57. Kd6 Rb4 58. Kc5 Rb1
59. Kd6 Ra1 60. Rg4+ Kf6 61. Rf4+ Kg6 62. Rg4+ Kf5 63. Rc4 Bxa4 64. Rc5+ Ke4
65. Re5+ Kd4 66. Rxa5 Kc4 67. Rc5+ Kb4 68. Rc7 Rd1+ 69. Ke5 Bb5 70. Rc8 Bc4 71.
Rc7 Bd5 72. Kd6 Rd2 73. Ke5 Kb5 74. Ra7 Kb6 75. Ra4 Bc6 76. Ra1 Rd5+ 77. Ke6
Rd8 78. Ke5 Kc7 79. Ra7+ Bb7 80. Ra1 Re8+ 81. Kd4 Kd6 82. Rg1 Re4+ 83. Kd3 Bd5
84. Rg8 Rf4 85. Re8 Kc5 86. Rc8+ Bc6 87. Ke2 Rf6 88. Ke3 Rf3+ 89. Ke2 Rh3 90.
Kd2 Kd5 91. Kc2 Ba4+ 92. Kd2 Kd4 93. Rd8+ Ke4 94. Rd6 Bb3 95. Rg6 Rd3+ 96. Kc1
Kd4 97. Rg2 Kc3 98. Rc2+ Kb4 99. Rd2 Rh3 100. Kb2 Bc4 101. Rc2 Rd3 102. Rf2 Ra3
103. Rd2 Bd3 104. Rf2 Rb3+ 105. Kc1 Kc4 106. Rb2 Rc3+ 107. Kd2 Kd4 108. Rb4+
Bc4 109. Rb8 Rh3 110. Rd8+ Bd5 111. Rd7 Rh2+ 112. Kd1 Ke4 113. Kc1 Rg2 1/2-1/2

[Event "Geneve op"]
[Site "Geneve"]
[Date "1995.??.??"]
[Round "9"]
[White "Gallagher, Joseph G"]
[Black "Barkhagen, Jonas"]
[Result "0-1"]
[WhiteElo "2515"]
[BlackElo "2400"]
[PlyCount "84"]
[EventDate "1995.??.??"]
[EventType "swiss"]
[EventRounds "9"]
[EventCountry "SUI"]
[Source "Fruth,M"]
[SourceDate "2003.05.15"]

1. e4 e5 2. f4 d5 3. exd5 c6 4. Nc3 exf4 5. Nf3 Bd6 6. d4 Ne7 7. Bc4 cxd5 8.
Bxd5 O-O 9. Bb3 Bg4 10. O-O Ng6 11. Qd3 Nc6 12. Bd2 Bxf3 13. Rxf3 Qb6 14. Kh1
Qxd4 15. Ne4 Be5 16. c3 Qxd3 17. Rxd3 Rfd8 18. Rxd8+ Rxd8 19. Rd1 h6 20. Bc1
Rxd1+ 21. Bxd1 Nge7 22. Nc5 b6 23. Nd3 g5 24. Kg1 f5 25. Kf2 Kf7 26. Bd2 Ke6
27. b4 Nd5 28. Bb3 Kd6 29. c4 Bd4+ 30. Kf3 Nf6 31. Be1 Be3 32. Bc3 Ne4 33. Bg7
h5 34. Ke2 Bd4 35. Bf8+ Kc7 36. h4 Ng3+ 37. Kf3 Be3 38. Nxf4 Bxf4 39. Bg7 Kd6
40. Bc2 Ne5+ 41. Bxe5+ Kxe5 42. a4 Kd4 0-1

[Event "Minsk IT"]
[Site "Minsk"]
[Date "1995.??.??"]
[Round "5"]
[White "Fedorov, Alexei"]
[Black "Yandemirov, Valeri"]
[Result "1-0"]
[WhiteElo "2495"]
[BlackElo "2525"]
[PlyCount "89"]
[EventDate "1995.??.??"]
[EventType "tourn"]
[EventRounds "13"]
[EventCountry "BLR"]
[EventCategory "10"]
[Source "Fruth,M"]
[SourceDate "2003.05.15"]

1. e4 e5 2. f4 d5 3. exd5 c6 4. Nc3 exf4 5. Nf3 Nf6 6. d4 Nxd5 7. Nxd5 Qxd5 8.
Bxf4 Bd6 9. Bxd6 Qxd6 10. Bd3 Be6 11. O-O Nd7 12. c3 h6 13. Qd2 O-O 14. Bc2
Rfe8 15. Nh4 c5 16. Qd3 Nf8 17. Nf5 Qc7 18. Rf3 Bxf5 19. Rxf5 cxd4 20. Bb3 Ne6
21. Raf1 dxc3 22. Rxf7 Qc5+ 23. Kh1 cxb2 24. Bc2 Ng5 25. Rxg7+ Kxg7 26. Qg6+
Kh8 27. Qxh6+ Kg8 28. Bb3+ Ne6 29. Bxe6+ Rxe6 30. Qxe6+ Kh8 31. Qf6+ Kg8 32.
Qf7+ Kh8 33. Qxb7 Rf8 34. Qxb2+ Kh7 35. Rc1 Qf5 36. Qb1 Qxb1 37. Rxb1 Rf2 38.
Ra1 a5 39. a4 Kg6 40. h3 Rf4 41. Kh2 Rb4 42. Ra3 Kh5 43. Kg3 Kg5 44. Kf3 Kh4
45. Re3 1-0

[Event "Sommerskak IT"]
[Site "Copenhagen"]
[Date "1995.??.??"]
[Round "6"]
[White "Olesen, Martin"]
[Black "Hellsten, Johan"]
[Result "1-0"]
[WhiteElo "2355"]
[BlackElo "2430"]
[PlyCount "79"]
[EventDate "1995.??.??"]
[EventType "tourn"]
[EventRounds "9"]
[EventCountry "DEN"]
[EventCategory "7"]
[Source "Fruth,M"]
[SourceDate "2003.05.15"]

1. e4 e5 2. f4 d5 3. exd5 exf4 4. Nf3 c6 5. Nc3 Bd6 6. Bc4 Ne7 7. d4 O-O 8. O-O
Bg4 9. dxc6 Nbxc6 10. Ne4 Rc8 11. c3 Ng6 12. Bd3 Nce7 13. Qb3 Bb8 14. Bd2 Rc6
15. Rae1 Nf5 16. Qc2 Bxf3 17. gxf3 Ne3 18. Bxe3 fxe3 19. Rxe3 f5 20. Kh1 fxe4
21. fxe4 Rxf1+ 22. Bxf1 Bf4 23. Rf3 Kh8 24. Qf2 Rf6 25. e5 Rf8 26. Bd3 Qg5 27.
Bxg6 hxg6 28. e6 Qd5 29. e7 Re8 30. c4 Qc6 31. Qh4+ Bh6 32. d5 Qd6 33. Re3 Kg8
34. Re6 Qd7 35. Qe4 Bg5 36. d6 Bf6 37. Qd5 Kh8 38. Re4 Qh3 39. Re1 Qh5 40. Qe6
1-0

[Event "Troll Masters"]
[Site "Gausdal"]
[Date "1995.??.??"]
[Round "1"]
[White "Olesen, Martin"]
[Black "Gretarsson, Helgi Ass"]
[Result "1-0"]
[WhiteElo "2340"]
[BlackElo "2450"]
[PlyCount "65"]
[EventDate "1995.01.??"]
[EventType "swiss"]
[EventRounds "9"]
[EventCountry "NOR"]
[Source "Fruth,M"]
[SourceDate "2003.05.15"]

1. e4 e5 2. f4 d5 3. exd5 c6 4. Nc3 exf4 5. Nf3 Bd6 6. d4 Ne7 7. Bc4 O-O 8.
dxc6 Nbxc6 9. O-O Bg4 10. Ne4 Bc7 11. c3 Ng6 12. Nf2 Bh5 13. Qd3 Rc8 14. Qf5
Bxf3 15. gxf3 Bb8 16. Bd3 Nce7 17. Qh5 f5 18. Nh3 Rf6 19. Kh1 Qd7 20. Bd2 Nd5
21. Bc2 Nf8 22. Rae1 b5 23. Rg1 Kh8 24. Ng5 Kg8 25. Bb3 Rd8 26. Nh3 Ne6 27. Ng5
Nxg5 28. Qxg5 Rf7 29. Re2 Kf8 30. Rge1 Bc7 31. Qh5 g6 32. Qh6+ Kg8 33. Bxd5 1-0